Borussia Mönchengladbach: Alle Torschützen der 2010er - Statistiken

Allgemein
  • Dieses Quiz wurde 455 mal gespielt
  • Das Durchschnittsergebnis liegt bei 33 aus 49
Antwortstatistiken
Pos. Nat. Spieler % Korrekt
ST FRA Alassane Plea
96%
ST FRA Marcus Thuram
95%
ST BRA Raffael
89%
ST SUI Breel Embolo
88%
ST GER Lars Stindl
88%
VER SUI Nico Elvedi
88%
VER SWE Oscar Wendt
86%
ST GER Patrick Herrmann
86%
VER ALG Ramy Bensebaini
84%
MIT BEL Thorgan Hazard
83%
VER GER Matthias Ginter
82%
MIT GER Christoph Kramer
80%
VER AUT Stefan Lainer
80%
ST GER Marco Reus
79%
MIT SUI Granit Xhaka
78%
VER DEN Jannik Vestergaard
78%
MIT GER Florian Neuhaus
77%
MIT VEN Juan Arango
77%
ST NED Luuk de Jong
76%
VER AUT Martin Stranzl
75%
VER BRA Dante
73%
VER GER Tony Jantschke
73%
MIT GER Jonas Hofmann
72%
MIT SUI Denis Zakaria
71%
MIT GER Andre Hahn
70%
ST GIN Ibrahima Traore
68%
ST PAR Raul Bobadilla
68%
VER NED Roel Brouwers
68%
VER DEN Andreas Christensen
67%
VER BEL Filip Daems
67%
ST BEL Igor de Camargo
66%
VER ESP Alvaro Dominguez
65%
MIT SVK Laszlo Benes
64%
MIT USA Fabian Johnson
62%
VER NOR Havard Nordtveit
59%
ST GER Mike Hanke
59%
ST SUI Josip Drmic
57%
ST SWE Branimir Hrgota
56%
MIT RUS Roman Neustädter
55%
ST GER Max Kruse
53%
MIT USA Michael Bradley
53%
MIT GER Mahmoud Dahoud
44%
ST CAM Mohamadou Idrissou
41%
ST TGO Peniel Mlapa
40%
VER SUI Michael Lang
37%
VER GER Julian Korb
35%
VER GER Nico Schulz
27%
MIT GER Thorben Marx
27%
ST GER Armin Younes
19%
Keine übereinstimmenden Quizze gefunden
Verteilung der Resultate
Anzahl Personen mit jedem Resultat
Perzentil nach korrekt beantworteten Fragen
Ihre Resultats-Entwicklung
Sie haben dieses Quiz noch nicht gespielt